000 00321nam a2200145Ia 4500
100 _aJain/ G.C.
650 _aElectrical Engineering
942 _cBK
654 _aT.V.
245 _aServicing korean colour T.V.
260 _bBusiness promotion
_aDelhi
_c1982
082 _a621.38
300 _a52
546 _aENGLISH
999 _c32404
_d32404